| 000 | 00399nam a2200133 4500 | ||
|---|---|---|---|
| 008 | 160518b xxu||||| |||| 00| 0 eng d | ||
| 022 | _a9770118389007 | ||
| 082 |
_22010 - 2011 _aDPer 641.05 _bF73 |
||
| 245 | _aFood. | ||
| 260 |
_aQuezon City: _bABS CBN Publishing, Inc., _c2010-2011 |
||
| 300 |
_avarious paging: _bcolor illustrations; _c30 cm. |
||
| 650 | 0 |
_923118 _aFood _vPeriodicals |
|
| 942 |
_2ddc _cPER |
||
| 999 |
_c7675 _d7675 |
||